000 00497nam a2200169Ia 4500
008 090201s9999 xx 000 0 und d
010 _aKPL-34078
040 _bमराठी
041 _aमराठी
082 _a13699
_b34078
100 _aवैजयंती काळे
245 _aशर्यत
_cवैजयंती काळे
260 _c2004
_bदिलीप प्रकाशन
300 _a286
_bमोठा
600 _aशर्यत
942 _cBOOK
999 _c213894
_d213894